000 00619nam a22002297a 4500
003 UA-OsUOA
001 87607
007 ta
008 20120920b un ||||| |||| 00| 0 ukr d
100 _aВоскрекасенко С.
090 _a821.161.2
_bВ76
942 _cBK
040 _aUA-OsUOA
_bukr
_cUA-OsUOA
_dUA-OsUOA
245 _aНе криви душею
_bсатира та гумор
300 _a435 с.
955 _a3
041 _aukr
080 _a821.161.2
260 _aК.
_bДніпро
_c1966
650 7 _a82 Література. Літературознавство
_2UDC
999 _c373876
_d373876